Idealism and the endgame of theory /
Uloženo v:
| Hlavní autor: | |
|---|---|
| Médium: | Neznámo |
| Jazyk: | English |
| Vydáno: |
Albany :
State University of New York Press,
1994.
|
| Témata: | |
| Tagy: |
Přidat tag
Žádné tagy, Buďte první, kdo vytvoří štítek k tomuto záznamu!
|
MARC
| LEADER | 000000000a22000000004500 | ||
|---|---|---|---|
| 001 | 013684 | ||
| 020 | |a 0791417093 | ||
| 041 | 0 | |a eng | |
| 082 | 0 | 4 | |a 193.20 |b S344i |
| 100 | 1 | |a Schelling, Friedrich Wilhelm Joseph von, |d 1775-1854. | |
| 245 | 1 | 0 | |a Idealism and the endgame of theory / |c Friedrich Wilhelm Joseph von Schelling. |
| 260 | 1 | |a Albany : |b State University of New York Press, |c 1994. | |
| 300 | |a 293 páginas ; |c 24 cm. | ||
| 650 | 4 | |a IDEALISMO | |
| 500 | |a Colección George Yúdice | ||
| 999 | |c 19601 |d 19601 | ||
| 942 | |c BK |h 193.20 S344i |2 z | ||



